| 000 | 00535nam a2200205Ia 4500 | ||
|---|---|---|---|
| 001 | 1424 | ||
| 003 | GE_BSU | ||
| 008 | 181216s||||||||xx |||||||||||||| ||und|| | ||
| 040 | _cGE_BSU | ||
| 080 | _a581.1(075.8) | ||
| 100 | _aБаславская С. С. | ||
| 245 | _aПрактикум по физиологии растений | ||
| 260 | _aМосква | ||
| 260 | _bИзд-во ун-та | ||
| 260 | _c1964 | ||
| 300 | _a327 с. 21 см. | ||
| 541 | _h8 л. | ||
| 653 | _aФизиология растений | ||
| 942 | _cBK | ||
| 999 |
_c35563 _d35563 |
||